000 00488nam a2200181Ia 4500
005 20240823060533.0
008 240823s9999||||xx |||||||||||||| ||und||
041 _aENGLISH
082 _A005.1 Q4
100 _a"Pressman,Roger S"
245 0 _aSoftware Engineering : A Practitioner's Approach
250 _a7th
260 _c2014
_bMcGraw Hill Education Private Li
500 _aTRANSFERED
650 _aSoftware Engineering
_bSoftware Engineering
942 _cBK
999 _c231370
_d231370